| 000 | 00568nam a2200217Ia 4500 | ||
|---|---|---|---|
| 005 | 20250326144128.0 | ||
| 008 | 250326s9999 xx 000 0 und d | ||
| 020 | _a0-7852-2100-X | ||
| 037 | _aTextbook | ||
| 040 |
_aFMSL _beng _cFMSL |
||
| 041 |
_aeng _2eng |
||
| 084 |
_aX:51 P6 _qFMSL |
||
| 100 |
_aJantsch J _9749091 |
||
| 245 | 0 |
_aDuct tape marketing _cJantsch J |
|
| 260 |
_aNeshville _bNeshville, Nelson Business _c2006 |
||
| 300 | _a281p | ||
| 365 | _b1129.548 | ||
| 650 | _aMarketing | ||
| 942 |
_cTB _hX:51 P6 |
||
| 999 |
_c1302472 _d1302472 |
||